Basketball father-son duos who have won an NBA championship - Statistics

General Stats
  • This quiz has been taken 116 times
    16 since last reset
  • The average score is 2 of 5
Answer Stats
Years Answer % Correct
1987,1988; 2015,2017,2018,2022 Thompson, Mychal and Klay
100%
1977,1986; 2009,2010 Walton, Bill and Luke
33%
1975; 2005,2007 Barry, Rick and Brent
27%
1947; 1967 Guokas, Matt Sr. and Matt Jr.
20%
2006; 2022 Payton, Gary and Gary II
20%
No matching quizzes found
Score Distribution
Percent of People with Each Score
Percentile by Number Answered
Your Score History
You have not taken this quiz since the last reset